Kinship cultures and identity transmissions. Culturas de parientes y transmisión de identidad /

Este artículo describe los principales resultados de una encuesta cualitativa sobre el papel de los parientes más cercanos en la formación de la identidad social. Existen tres mecanismos sociales de transmisión de la identidad: los tipos de referencias normativas, los canales de transmisión y los ac...

Descripció completa

Guardat en:
Dades bibliogràfiques
Autor principal: Kellerhals, Jean
Altres autors: Ferreira, Cristina Perrenoud, David
Format: Text
Matèries:
Etiquetes: Afegir etiqueta
Sense etiquetes, Sigues el primer a etiquetar aquest registre!

MARC

LEADER 00000 a a2200000 04500
001 4688
003
040
100 |a Kellerhals, Jean  
245 |a Kinship cultures and identity transmissions. Culturas de parientes y transmisión de identidad /  |c Jean Kellerhals ; Cristina Ferreira ; David Perrenoud 
520 |a Este artículo describe los principales resultados de una encuesta cualitativa sobre el papel de los parientes más cercanos en la formación de la identidad social. Existen tres mecanismos sociales de transmisión de la identidad: los tipos de referencias normativas, los canales de transmisión y los actores colectivos. Los vínculos sistématicos entre estos tres mecanismos dejan entrever la lógica de la transmisión de la identidad  
650 |a FAMILIA  
650 |a PARENTESCO  
650 |a IDENTIDAD CULTURAL  
700 |a Ferreira, Cristina   |a Perrenoud, David  
773 |g volumen 50, número 2; páginas 213-228  
999 |c 33875  |d 33875